Najbardziej zaludnione państwa w 2050 roku. - Statystyki

Ogólne statystyki
  • Ten quiz został rozwiązany 355 razy
  • Średni wynik to 14 z 21
Statystyki odpowiedzi
Populacja Państwo % Poprawnych
1,438 mil Chiny
99%
1,657 mil Indie
98%
398 mil Stany Zjednoczone
97%
130 mil Rosja
92%
238 mil Brazylia
89%
402 mil Nigeria
82%
151 mil Meksyk
80%
107 mil Japonia
78%
327 mil Indonezja
75%
138 mil Egipt
72%
291 mil Pakistan
69%
107 mil Iran
65%
89 mil Turcja
65%
201 mil Bangladesz
61%
228 mil Etiopia
54%
111 mil Wietnam
54%
155 mil Filipiny
47%
77 mil Irak
46%
145 mil D. R. Konga
40%
119 mil Tanzania
35%
94 mil Uganda
22%
Nie znaleziono quizów pasujących do podanych kryteriów
Rozkład punktacji
Procent ludzi z każdym wynikiem
Percentyl według liczby udzielonych odpowiedzi
Twoja historia wyników
Nie rozwiązałeś tego quizu